Random Quiz - Statistics

General Stats
  • This quiz has been taken 25 times
  • The average score is 6 of 8
Answer Stats
Hint Answer % Correct
2x2x2 8
100%
Sudan is the newest country False
82%
What Country is a North Korea Copycat in Asia Tajikistan
77%
North Korea is larger than South Korea True
77%
What is the smallest continent? Oceania
64%
What is the largest Island? Greenland
59%
Who (What Country) Won Eurovision 2018? Israel
59%
What non Eurasian country is in Eurovision (as of 2024)? Australia
55%
No matching quizzes found
Score Distribution
Percent of People with Each Score
Percentile by Number Answered
Your Score History
You have not taken this quiz